[Event "Zuerich op-B 40th"]
[Site "Zuerich"]
[Date "2016.12.27"]
[Round "2"]
[White "Kuenzli, Simon"]
[Black "Saric, Vili"]
[Result "1/2-1/2"]
[WhiteElo "2014"]
[BlackElo "1836"]
[PlyCount "95"]
[EventDate "2016.12.26"]
[EventType "swiss"]
[EventRounds "7"]
[EventCountry "SUI"]
[SourceTitle "EXT 2019"]
[Source "ChessBase"]
[SourceDate "2018.10.10"]
[SourceVersion "1"]
[SourceVersionDate "2018.10.10"]
[SourceQuality "1"]

1. e4 c5 2. Nf3 Nc6 3. d4 cxd4 4. Nxd4 Nf6 5. Nc3 e5 6. Ndb5 d6 7. Bg5 a6 8. Na3 b5 9. Nd5 Be6 10. c3 Bxd5 11. Bxf6 Qxf6 12. Qxd5 Rc8 13. Nc2 Be7 14. a4 0-0 15. axb5 axb5 16. Bxb5 Nd8 17. Bd7 Rc5 18. Qd3 Ne6 19. Bxe6 fxe6 20. 0-0 d5 21. Ra6 d4 22. cxd4 exd4 23. f4 Rh5 24. e5 Qh6 25. h3 Rxf4 26. Rxf4 Qxf4 27. Rxe6 Rxe5 28. Rxe5 Qxe5 29. b4 Bd6 30. Qc4+ Kf8 31. Nxd4 Qe1+ 32. Qf1+ Qxf1+ 33. Kxf1 Bxb4 34. Ke2 Kf7 35. Kf3 Bc3 36. Nf5 Bb2 37. g4 h6 38. Ke4 Kf6 39. Nh4 Bc1 40. Nf3 Bb2 41. h4 Ba1 42. Ng1 Ke6 43. Nh3 Bb2 44. Nf4+ Kf6 45. Nh5+ Ke6 46. Nf4+ Kf6 47. Kd5 g5 48. Nh3 1/2-1/2

[Event "Zuerich op-B 39th"]
[Site "Zuerich"]
[Date "2015.12.27"]
[Round "3"]
[White "Joller, Hans"]
[Black "Saric, Vili"]
[Result "1-0"]
[WhiteElo "1881"]
[BlackElo "1753"]
[PlyCount "47"]
[EventDate "2015.12.26"]
[EventType "swiss"]
[EventRounds "7"]
[EventCountry "SUI"]
[SourceTitle "CBM 170 Extra"]
[Source "ChessBase"]
[SourceDate "2016.02.25"]
[SourceVersion "1"]
[SourceVersionDate "2016.02.25"]
[SourceQuality "1"]

1. e4 c5 2. d4 cxd4 3. c3 dxc3 4. Nxc3 Nc6 5. Nf3 a6 6. Bc4 e6 7. 0-0 Bb4 8. Qe2 b5 9. Bb3 Qc7 10. Bg5 Nge7 11. Rac1 0-0 12. Nd5 Qa5 13. Nxb4 Qxb4 14. Qd3 Ng6 15. a3 Nce5 16. Nxe5 Nxe5 17. Qg3 Qd6 18. Rfd1 Qb8 19. Be7 Nc6 20. Bd6 Qb6 21. Bxf8 Kxf8 22. Qd6+ Ke8 23. Rc5 Qb8 24. Rxc6 1-0

[Event "Belp op"]
[Site "Belp"]
[Date "2015.05.23"]
[Round "1"]
[White "Saric, Vili"]
[Black "Hajnal, Zoltan"]
[Result "0-1"]
[WhiteElo "1863"]
[BlackElo "2404"]
[PlyCount "78"]
[EventDate "2015.05.23"]
[EventType "swiss"]
[EventRounds "5"]
[EventCountry "SUI"]
[SourceTitle "EXT 2016"]
[Source "ChessBase"]
[SourceDate "2015.10.08"]
[SourceVersion "1"]
[SourceVersionDate "2015.10.08"]
[SourceQuality "1"]

1. d4 d5 2. c4 c6 3. Nc3 dxc4 4. a4 Nf6 5. e4 e5 6. Nf3 exd4 7. Nxd4 Bc5 8. Be3 Bxd4 9. Qxd4 Be6 10. Qxd8+ Kxd8 11. e5 Nd5 12. 0-0-0 Kc7 13. Bc5 Nxc3 14. Bd6+ Kc8 15. bxc3 Nd7 16. a5 b5 17. f4 Kb7 18. Kb2 Bd5 19. Rg1 f6 20. g4 fxe5 21. fxe5 Rae8 22. Re1 g5 23. Rg3 Re6 24. Ka3 Rhe8 25. Rge3 c5 26. h3 Ka6 27. R3e2 Kxa5 28. Rd1 Bc6 29. Bc7+ Ka6 30. Rd6 Kb7 31. Rxe6 Rxe6 32. Bd6 a5 33. Re1 Kb6 34. h4 h6 35. h5 b4+ 36. Kb2 Kb5 37. cxb4 cxb4 38. Rc1 Nxe5 39. Bf8 Be4 0-1